000 00573nam a22002177a 4500
005 20170124110105.0
010 _aB-213179
020 _c150.00
_a9788122201055
035 _aB-213179
037 _bCen Lib/Ret
040 _aDPL
_bEN
082 _aN
_bRAO
100 _aRao, Raja
_927973
245 _aKanthapura /
_cby Raja Rao
260 _aNew Delhi
_bOrient paperbacks
_c1970
270 _bNew Delhi
_a5A/8 Ansari road Daryaganj
_e110002
300 _a184p.
_c21cm(pbk)
650 _aLiterature
_96262
650 _aNovel
_922513
942 _2ddc
_cEN
_hN
_mRAO
999 _c129980
_d129980